000
00261nam a22001217a 4500
041
_a
ENG
100
_a
Donovan. J,J
245
_a
Systems Programming
260
_a
Delhi
_b
Tata McGraw -Hill ED
_c
2003
300
_a
488
650
_a
M.Tech
856
_u
M.Tech -(7)
999
_c
997
_d
997